The decision to drop the atomic bomb / (Record no. 7330)
[ view plain ]
| 000 -LEADER | |
|---|---|
| fixed length control field | 01037pam a2200301 a 4500 |
| 001 - CONTROL NUMBER | |
| JCCL Control Number | 7330 |
| 003 - CONTROL NUMBER IDENTIFIER | |
| JCCL marc code | BD - JhCC |
| 005 - DATE AND TIME OF LATEST TRANSACTION | |
| control field | 20220608134021.0 |
| 008 - FIXED-LENGTH DATA ELEMENTS--GENERAL INFORMATION | |
| fixed length control field | 110125s2011 nyuacf b 001 0 eng d |
| 035 ## - SYSTEM CONTROL NUMBER | |
| system control number | (BD - JhCC)7330 |
| 035 ## - SYSTEM CONTROL NUMBER | |
| system control number | (Uk)015744982 |
| 040 ## - CATALOGING SOURCE | |
| Original cataloging agency | StDuBDS |
| Transcribing agency | StDuBDS |
| Modifying agency | IeDuTC |
| -- | Uk |
| -- | BD - JhCC |
| 041 ## - LANGUAGE CODE | |
| Language code of Book | eng |
| 082 04 - DEWEY DECIMAL CLASSIFICATION NUMBER | |
| Classification number | 940.54252 |
| DDC Edition number | 22 |
| Author mark and Year | GOI 1967 |
| 100 1# - MAIN ENTRY--PERSONAL NAME | |
| Personal name | Giovannitti, Len |
| 245 14 - TITLE STATEMENT | |
| Title | The decision to drop the atomic bomb / |
| Statement of responsibility, etc | Len Giovannitti and Fred Freed |
| 246 14 - VARYING FORM OF TITLE | |
| Title proper/short title | Decision to drop the atomic bomb : |
| Remainder of title | Hiroshima and Nagasaki, August 1945 |
| 260 ## - PUBLICATION, DISTRIBUTION, ETC. (IMPRINT) | |
| Place of publication, distribution, etc | London : |
| Name of publisher, distributor, etc | Methuen & Co Ltd. |
| Date of publication, distribution, etc | 1967. |
| 300 ## - PHYSICAL DESCRIPTION | |
| Pagination | 348 p. : |
| Other physical details | ill., ; |
| Dimensions | 21 cm. |
| 650 #0 - SUBJECT ADDED ENTRY--TOPICAL TERM | |
| Topical term or geographic name as entry element | World War, 1939-1945 |
| General subdivision | Aerial operations, American. |
| 650 #0 - SUBJECT ADDED ENTRY--TOPICAL TERM | |
| Topical term or geographic name as entry element | Atomic bomb |
| Geographic subdivision | Japan |
| -- | Hiroshima-shi. |
| 650 #0 - SUBJECT ADDED ENTRY--TOPICAL TERM | |
| Topical term or geographic name as entry element | Atomic bomb |
| Geographic subdivision | Japan |
| -- | Nagasaki-shi. |
| 651 #0 - SUBJECT ADDED ENTRY--GEOGRAPHIC NAME | |
| Geographic name | Hiroshima-shi (Japan) |
| General subdivision | History |
| Chronological subdivision | Bombardment, 1945. |
| 651 #0 - SUBJECT ADDED ENTRY--GEOGRAPHIC NAME | |
| Geographic name | Nagasaki-shi (Japan) |
| General subdivision | History |
| Chronological subdivision | Bombardment, 1945. |
| 700 ## - ADDED ENTRY--PERSONAL NAME | |
| Personal name | Freed, Fred |
| 942 ## - ADDED ENTRY ELEMENTS (KOHA) | |
| Source of classification or shelving scheme | Dewey Decimal Classification |
| Koha item type | Books |
| Koha issues (borrowed), all copies | 1 |
| Source of classification or shelving scheme | Damaged status | Not for loan | Home library | Current library | Shelving location | Date of accession | Total Checkouts | Full call number | Barcode | Date last seen | Date checked out | Copy number | Koha item type |
|---|---|---|---|---|---|---|---|---|---|---|---|---|---|
| Dewey Decimal Classification | JCC Rouf Library | JCC Rouf Library | General Stacks | 08/28/2023 | 1 | 940.54252 GOI 1967 | 9984 | 08/28/2023 | 06/07/2022 | C - 1 | Books |